| 000 | 00692cam a2200265 a 4500 | ||
|---|---|---|---|
| 003 | data | ||
| 005 | 20260322212026.0 | ||
| 008 | data | ||
| 010 | _a95019647 | ||
| 020 | _a0486285537 | ||
| 020 | _a9780486285535 | ||
| 040 |
_aDLC _cDLC _dOIB _dOIB |
||
| 050 | 0 | 0 |
_aPR1175 _b.A137 1995 |
| 092 | _a821.008 A137 1995 | ||
| 245 | 0 | 0 |
_a100 best-loved poems / _cedited by Philip Smith. |
| 246 | 3 | _aOne hundred best-loved poems. | |
| 260 |
_aNew York : _bDover Publications, _c1995. |
||
| 300 |
_ax, 101 p. ; _c23 cm. |
||
| 440 | 0 | _aDover thrift editions. | |
| 500 | _aIncludes index. | ||
| 650 | 0 | _aEnglish poetry. | |
| 650 | 0 | _aAmerican poetry. | |
| 700 | 1 |
_aSmith, Philip, _d1967- |
|
| 001 | data | ||
| 999 |
_c600 _d600 |
||